Sleeping Beauty Characters - Statistics

General Stats
  • This quiz has been taken 4 times
  • The average score is 5 of 8
Answer Stats
Picture Answer % Correct
Aurora
100%
Maleficent
100%
Flora
75%
Phillip
75%
Fauna
50%
King Stefan
50%
Merryweather
50%
King Hubert
25%
No matching quizzes found
Score Distribution
Percent of People with Each Score
Percentile by Number Answered
Your Score History
You have not taken this quiz